| Tag |
First Indicator |
Second Indicator |
Subfields |
| LEADER |
00000cam a2200000Ia 4500 |
| 001 |
in00003502221 |
| 006 |
m o d |
| 007 |
cr cnu---unuuu |
| 008 |
040219s2003 njua ob 001 0 eng d |
| 005 |
20260421181440.8 |
| 019 |
|
|
|a 606983973
|a 648273863
|a 658444849
|
| 020 |
|
|
|a 1592594220 (electronic bk.)
|
| 020 |
|
|
|a 9781592594221 (electronic bk.)
|
| 020 |
|
|
|z 1588291146 (alk. paper)
|
| 020 |
|
|
|z 9781588291141 (alk. paper)
|
| 035 |
|
|
|a (OCoLC)54447894
|z (OCoLC)606983973
|z (OCoLC)648273863
|z (OCoLC)658444849
|
| 040 |
|
|
|a N$T
|b eng
|e pn
|c N$T
|d YDXCP
|d OCLCQ
|d IDEBK
|d OCLCQ
|d OCLCE
|d OCLCO
|d E7B
|d OCLCF
|d OCLCQ
|d GW5XE
|d UtOrBLW
|
| 042 |
|
|
|a dlr
|
| 049 |
|
|
|a TXAM
|
| 050 |
|
4 |
|a RC270.3.D53
|b I395 2003eb
|
| 060 |
|
4 |
|a 2003 L-257
|
| 060 |
|
4 |
|a QZ 241
|b I298 2003
|
| 072 |
|
7 |
|a MED
|x 062000
|2 bisacsh
|
| 072 |
|
7 |
|a HEA
|x 039030
|2 bisacsh
|
| 082 |
0 |
4 |
|a 616.99/40754
|2 22
|
| 245 |
0 |
0 |
|a Image-guided diagnosis and treatment of cancer /
|c edited by Anthony V. D'Amico, Jay S. Loeffler, Jay R. Harris.
|
| 264 |
|
1 |
|a Totowa, N.J. :
|b Humana Press,
|c [2003]
|
| 264 |
|
4 |
|c ©2003
|
| 300 |
|
|
|a 1 online resource (x, 273 pages) :
|b illustrations (some color)
|
| 336 |
|
|
|a text
|b txt
|2 rdacontent
|
| 337 |
|
|
|a computer
|b c
|2 rdamedia
|
| 338 |
|
|
|a online resource
|b cr
|2 rdacarrier
|
| 504 |
|
|
|a Includes bibliographical references and index.
|
| 538 |
|
|
|a Master and use copy. Digital master created according to Benchmark for Faithful Digital Reproductions of Monographs and Serials, Version 1. Digital Library Federation, December 2002.
|u http://purl.oclc.org/DLF/benchrepro0212
|5 MiAaHDL
|
| 583 |
1 |
|
|a digitized
|c 2010
|h HathiTrust Digital Library
|l committed to preserve
|2 pda
|5 MiAaHDL
|
| 588 |
|
|
|a Description based on print version record.
|
| 520 |
|
|
|a Cancer detection and treatment have been greatly enhanced by advances in imaging technology during the last decade. In Image-Guided Diagnosis and Treatment of Cancer, prominent physicians, expert in their fields, review past, current, and future applications of the many powerful imaging techniques now used in the diagnosis, staging, treatment, and outcome assessment of cancers of the prostate, central nervous system (CNS), and breast. The distinguished authors first consider the use of screening mammography and approaches to breast cancer detection using magnetic resonance imaging (MRI) and then demonstrate how improved visualization of the prostate gland from transrectal ultrasound and MRI has made it possible to diagnose prostate cancer and perform minimally invasive delivery of high-dose radiation to the tumor-bearing region(s) of the gland with minimal toxicity. Also treated is MRI-guided resection of neoplasms, which allows for minimally invasive biopsy and neurosurgery with maximum benefits. In addition, the use of sophisticated imaging technology to assess response to chemotherapy, map temperature profiles, and visualize gene expression in vivo are also discussed. State-of-the-art and forward-looking, Image-Guided Diagnosis and Treatment of Cancer will serve as the long-awaited, gold standard guide to optimal practice in medical imaging for prostate, breast, and CNS cancers, and point clearly toward the novel image guidance methods emerging today.
|
| 500 |
|
|
|a Electronic resource.
|
| 650 |
|
0 |
|a Cancer
|x Imaging.
|
| 650 |
|
0 |
|a Cancer
|x Endoscopic surgery.
|
| 650 |
1 |
2 |
|a Neoplasms
|x diagnosis.
|
| 650 |
2 |
2 |
|a Diagnostic Imaging.
|
| 650 |
2 |
2 |
|a Neoplasms
|x therapy.
|
| 650 |
|
7 |
|a MEDICAL
|x Oncology.
|2 bisacsh
|
| 650 |
|
7 |
|a HEALTH & FITNESS
|x Diseases
|x Cancer.
|2 bisacsh
|
| 650 |
|
7 |
|a Cancer
|x Endoscopic surgery.
|2 fast
|0 (OCoLC)fst00845355
|
| 650 |
|
7 |
|a Cancer
|x Imaging.
|2 fast
|0 (OCoLC)fst00845381
|
| 655 |
|
7 |
|a Electronic books.
|2 local
|
| 700 |
1 |
|
|a D'Amico, Anthony V.
|
| 700 |
1 |
|
|a Loeffler, Jay S.
|
| 700 |
1 |
|
|a Harris, Jay R.
|
| 710 |
2 |
|
|a SpringerLink (Online service)
|
| 776 |
1 |
8 |
|i Print version:
|t Image-guided diagnosis and treatment of cancer.
|d Totowa, N.J. : Humana Press, ©2003
|z 1588291146
|w (DLC) 2003041684
|w (OCoLC)51607868
|
| 856 |
4 |
0 |
|u http://proxy.library.tamu.edu/login?url=https://link.springer.com/10.1007/978-1-59259-422-1
|z Connect to the full text of this electronic book
|t 0
|
| 994 |
|
|
|a 92
|b TXA
|
| 999 |
|
|
|a MARS
|
| 999 |
f |
f |
|s 7a42bb53-8b4e-342e-a56f-6db44996c3de
|i 14a27fd7-850c-3951-a9fa-279abec93082
|t 0
|
| 952 |
f |
f |
|a Texas A&M University
|b College Station
|c Electronic Resources
|s www_evans
|d Available Online
|t 0
|e RC270.3.D53 I395 2003eb
|h Library of Congress classification
|
| 998 |
f |
f |
|a RC270.3.D53 I395 2003eb
|t 0
|l Available Online
|